Countries Rick Astley has Visited - Statistics

General Stats
  • This quiz has been taken 41 times
    7 since last reset
  • The average score is 21 of 26
Answer Stats
Continent Country % Correct
South America Argentina
100%
Oceania Australia
100%
South America Brazil
100%
South America Chile
100%
Europe Denmark
100%
Europe Germany
100%
Europe Italy
100%
Europe United Kingdom
100%
North America United States of America
100%
Europe Belgium
83%
Europe Hungary
83%
Europe Ireland
83%
Asia Japan
83%
North America Mexico
83%
Europe Netherlands
83%
Africa South Africa
83%
Europe Spain
83%
Europe Switzerland
83%
Asia United Arab Emirates
83%
Oceania New Zealand
67%
Europe Norway
67%
Europe Sweden
67%
Asia Singapore
50%
Asia Thailand
50%
Asia Philippines
33%
Europe Slovakia
33%
No matching quizzes found
Score Distribution
Percent of People with Each Score
Percentile by Number Answered
Your Score History
You have not taken this quiz since the last reset